Využití zahraničních poznatků o zabezpečení jakosti v podmínkach přestavby

Guardado en:
Detalles Bibliográficos
Autor principal: Žaludová, Anežka
Formato: Libro
Lenguaje:checo
Publicado: Žilina Dom techn. ČSVTS 1989
Edición:1. vyd.
Etiquetas: Agregar Etiqueta
Sin Etiquetas, Sea el primero en etiquetar este registro!

MARC

LEADER 00000nam a2200000 4500
001 c035178
005 20221215071924.4
041 0 |a cze 
044 |a SK 
245 1 0 |a Využití zahraničních poznatků o zabezpečení jakosti v podmínkach přestavby  |c Anežka Žaludová 
250 |a 1. vyd. 
264 1 |a Žilina  |b Dom techn. ČSVTS  |c 1989 
300 |a 24 s. 
100 1 |a Žaludová, Anežka